The office characters - Statistics

General Stats
  • This quiz has been taken 10 times
  • The average score is 9 of 15
Answer Stats
Hint Answer % Correct
Name of company Dunder Mifflin
100%
Third boss Andy Bernard
67%
Angry cat lady Angela Martin
67%
Last boss Dwight Schrute
67%
Pranked salesman and beet farmer Dwight Schrute
67%
Prankster salesman Jim Halpert
67%
First boss to work there Michael Scott
67%
First receptionist also salesman’s wife Pam Beesly
67%
Wife of a refrigerator company’s boss Phyllis Vance
67%
Crossword master and master napper Stanley Hudson
67%
Last receptionist Erin Hannon
50%
“The one who never breathes” Kevin Malone
50%
The office redhead Meredith Palmer
50%
“Actually...” Oscar Martinez
50%
Second temporary boss DeAngelo Vickers
17%
No matching quizzes found
Score Distribution
Percent of People with Each Score
Percentile by Number Answered
Your Score History
You have not taken this quiz